Statistiken für HSV-Kader 2017/18

Klicken Sie hier um das Quiz zu spielen!

Allgemein

  • Dieses Quiz wurde 71 mal gespielt
  • Das Durchschnittsergebnis liegt bei 16 aus 30

Antwortstatistiken

HintAntwort% Korrekt
BRALVDouglas Santos
87%
JPNRVGotoku Sakai
85%
USASTBobby Wood
83%
GERZMLewis Holtby
75%
DEUTWTom Mickel
75%
DEUTWJulian Pollersbeck
73%
GERZOMAaron Hunt
71%
GAMRMBakery Jatta
69%
DEURVDennis Diekmeier
69%
JPNLMTatsuya Ito
69%
SWEZMAlbin Ekdal
67%
SRBLMFilip Kostic
65%
BRAZDMWalace
63%
DEUTWChristian Mathenia
62%
GREIVKyriakos Papadopoulos
62%
NEDIVRick Van Drongelen
60%
GERRMNicolai Müller
54%
GERSTFiete Arp
50%
ALBIVMergim Mavraj
46%
DEURVJosha Vagnoman
38%
GERSTLuca Waldschmidt
31%
SUITWAndreas Hirzel
29%
GERIVGideon Jung
29%
BOSZMSejad Salihovic
29%
SUIZMVasilije Janjicic
29%
GERRMAndre Hahn
27%
GERZMMatti Steinmann
23%
GERSTSven Schipplock
23%
GERIVStephan Ambrosius
19%
TUNZOMMohamed Gouaida
12%

Verteilung der Resultate

Perzentil nach korrekt beantworteten Fragen

Anzahl Personen mit jedem Resultat

Ihre Resultats-Entwicklung

Sie haben dieses Quiz noch nicht gespielt